01411nam a22003257a 4500003000400000005001700004008004100021040002200062082001800084100003000102245003000132260006000162300002100222366000800243490003100251505006300282505015600345505001200501650006000513650005200573650005300625650004300678650004500721650005600766650004700822700003600869942002900905999001500934952013600949OSt20230616125857.0221006b |||||||| |||| 00| 0 eng d cBiblioteca Lado V a709.05bG851a 9855aGriffin, Timeeditor aArtforum/bInternacional/ aNew Yorkc2003bNew York editorial and business offices c26.5x27cma212p. espa aNoviembrev2003x0864-1315 tCOLUMNSaPassages Tech Books Film News Sound Top Ten tFeaturesaI Am the Social: The Line of Edward Krasinski 1000 Words Global Tendencies Boundary Issues Running on Empty Heat of the Moment Openings tReviews 2Tesauro de Arte & ArquitecturaaARTE COMTEMPORANEO9703 2Tesauro de Arte & ArquitecturaaFOTOGRAFIA9702 2Tesauro de Arte & ArquitecturaaARTE VISUAL9702 2Tesauro de Arte & ArquitecturaaLIBROS 2Tesauro de Arte & ArquitecturaaNOTICIAS 2 Tesauro de Arte & ArquitecturaaARTE INTERNACIONAL 2 Tesauro de Arte & ArquitecturaaESCULTURA aNavarreta, Jose Antonioeeditor 2ddcc1h709.05iG851an0 c3867d3867 00102ddc3200340708RevistasaLVbLVd2023-06-16hNoviembrei002531l0o709.05 G851ap002531r2023-06-16 00:00:00w2023-06-16y1